1481 1045 1960 1788 1828 1569 1239 1935 1862 1006 1171 1691 1105 1821 1858 1308 1424 1778 1329 1803 1764 1579 1423 1923 1280 1373 1052 1657 1169 1464 1847 1365 1125 1655 1709 1612 1830 1476 1705 1537 1326 1436 1975 1537 1571 1171 1773 1689 1680 1352 1801 1861 1154 1883 1734 1844 1331 1439 1373 1450 1978 1362 1158 1649 1393 1226 1965 1825 1423 1978 1127 1217 1101 1764 1633 1419 1836 1362 1832 1832 1011 1419 1145 1094 1951 1725 1893 1536 1598 1468 1515 1843 1668 1345 1214 1724 1235 1201 1385 BCNSPRNW ULIB Ver.6.0+V

เปลี่ยนเป็นภาษาไทย

Change to English
 แสดงรายละเอียดบรรณานุกรม
  กลับหน้าหลัก

Brief Record : Get Marc (ISO 2709) : E-mail record : QR code < ปิดหน้าต่าง
LEADER : 00000nam 2200000uu 4500
001    13399124784
003     ULIB
008    160323s2013||||th 000 0 eng d
020    ^a9781449645755
060    ^aWQ165^bT367c
100 0  ^aTharpe, Nell L.
245 00 ^aClinical Practice Guidelines for Midwifery & Women s Health /^b[edited by]Tharpe, Nell L.
250    ^a4th ed.
260    ^aU.S.A :^bJones & Bartiett Learning,^c2013
300    ^a622 p.
650  0 ^aMidwifery-methods-Practice Guideline 0^aGenital Diseases, Female-Practice Guideline 0^aPregnancy Complications-Practce Guideline 0^a
945    ^p4320^l0^i000333
999    ^aเกษร โพธิ์สุวรรณ
รายการนี้ยังไม่มีแท็ก
คุณยังไม่ได้ล็อกอิน คุณสามารถมีกิจกรรมร่วมกับเว็บไซต์ได้ แต่ต้องล็อกอินก่อน ::
  ล็อกอิน

รายการสื่อสารสนเทศ

ลำดับที่ ประเภท เลขเรียก/บาร์โค้ด สถานที่ สถานะ
1. วิทยาศาสตร์การแพทย์ และสุขภาพ
วิทยาศาสตร์การแพทย์ และสุขภาพ
WQ165 T367c ฉ.1 
  Barcode: 000333
ห้องสมุดวิทยาเขตสวรรค์ประชารักษ์
►หนังสือทั่วไป
บนชั้น

BibComment


ยังไม่เคยถูกคอมเมนท์

คอมเมนท์ทรัพยากรรายการนี้
  คอมเมนท์: Clinical Practic..


 Copyright 2026. Bcnsprnw @Library